[Event "Ourense Campus 6th"]
[Site "Ourense"]
[Date "2019.07.05"]
[Round "7.10"]
[White "Rey Torres, Salvador"]
[Black "Bello Filgueira, Joaquin Antonio"]
[Result "1-0"]
[WhiteElo "1886"]
[BlackElo "1785"]
[PlyCount "77"]
[EventDate "2019.07.01"]
[EventType "swiss"]
[EventRounds "9"]
[EventCountry "ESP"]
[SourceTitle "EXT 2024"]
[Source "ChessBase"]
[SourceDate "2023.10.10"]
[SourceVersion "1"]
[SourceVersionDate "2023.10.10"]
[SourceQuality "1"]

1. e4 e6 2. d4 c5 3. d5 d6 4. Nc3 e5 5. f4 Nd7 6. Nf3 exf4 7. Bxf4 Ngf6 8. Bd3 a6 9. a4 Be7 10. Qd2 0-0 11. 0-0 Ng4 12. h3 Nge5 13. Nxe5 Nxe5 14. Bxe5 dxe5 15. Rf3 Bg5 16. Qf2 Qd6 17. Rf1 f6 18. Qe2 Bd7 19. Bc4 Rac8 20. b3 Kh8 21. Qd1 Be8 22. Rg3 Bd7 23. Rgf3 Rb8 24. a5 Rbc8 25. Qe1 Be8 26. Be2 Bg6 27. g3 Rfd8 28. Bd3 c4 29. Bxc4 Rxc4 30. bxc4 Qc5+ 31. Qf2 Qxc4 32. h4 Bh5 33. hxg5 Qd4 34. Qxd4 exd4 35. Ne2 Bxf3 36. Rxf3 Rc8 37. Nxd4 Rc4 38. Rd3 fxg5 39. d6 1-0

[Event "Mondariz Balneario op 3rd"]
[Site "Mondariz Balneario"]
[Date "2016.08.22"]
[Round "7.13"]
[White "Bello Filgueira, Joaquin Antonio"]
[Black "De Sousa da Silva, Armando"]
[Result "0-1"]
[WhiteElo "1833"]
[BlackElo "1973"]
[PlyCount "58"]
[EventDate "2016.08.17"]
[EventType "swiss"]
[EventRounds "9"]
[EventCountry "ESP"]
[SourceTitle "EXT 2024"]
[Source "ChessBase"]
[SourceDate "2023.10.10"]
[SourceVersion "1"]
[SourceVersionDate "2023.10.10"]
[SourceQuality "1"]

1. e4 c5 2. Nf3 e6 3. d4 cxd4 4. Nxd4 Nc6 5. Nc3 Qc7 6. Be3 Bb4 7. Ndb5 Qb8 8. a3 Bxc3+ 9. Nxc3 Nge7 10. Bc5 Qe5 11. Bd6 Qa5 12. b4 Qg5 13. f4 Qh6 14. b5 Na5 15. Bb4 b6 16. Qd6 Ng6 17. g3 Nb7 18. Qc7 e5 19. f5 Qe3+ 20. Be2 Nc5 21. fxg6 0-0 22. gxh7+ Kh8 23. Rf1 d6 24. Rxf7 Bg4 25. Rxf8+ Rxf8 26. Qe7 Rf6 27. h3 Nxe4 28. Qxf6 gxf6 29. hxg4 Nxc3 0-1

[Event "Sanxenxo Carlos op 8th"]
[Site "Sanxenxo"]
[Date "2016.06.25"]
[Round "1"]
[White "Hoffman, Alejandro"]
[Black "Bello Filgueira, Joaquin Antonio"]
[Result "1-0"]
[WhiteElo "2459"]
[BlackElo "1828"]
[PlyCount "63"]
[EventDate "2016.06.25"]
[EventType "swiss"]
[EventRounds "9"]
[EventCountry "ESP"]
[SourceTitle "CBM 173 Extra"]
[Source "ChessBase"]
[SourceDate "2016.08.29"]
[SourceVersion "1"]
[SourceVersionDate "2016.08.29"]
[SourceQuality "1"]

1. Nf3 Nf6 2. c4 c5 3. d4 cxd4 4. Nxd4 d6 5. Nc3 a6 6. e4 e5 7. Nc2 Nc6 8. Be2 Be7 9. 0-0 0-0 10. Be3 Be6 11. f3 Rc8 12. Qd2 Qc7 13. Rac1 Qb8 14. b3 Rfe8 15. Rfd1 Bf8 16. Kh1 Nd7 17. Bf1 Rcd8 18. Rb1 Qc8 19. Rdc1 h5 20. Qf2 Be7 21. Nd5 Bf8 22. Qh4 g6 23. Bg5 Bxd5 24. cxd5 Ne7 25. Ne3 Qb8 26. g4 f6 27. Bxf6 Nxf6 28. Qxf6 Bg7 29. Qe6+ Kh7 30. gxh5 gxh5 31. Qf7 Ng6 32. Rc7 1-0

[Event "Mondariz Marcote Memorial"]
[Site "Mondariz"]
[Date "2014.08.20"]
[Round "5"]
[White "Bello Filgueira, Joaquin Antonio"]
[Black "Represa Perez, Mireya"]
[Result "0-1"]
[WhiteElo "1776"]
[BlackElo "1771"]
[PlyCount "108"]
[EventDate "2014.08.16"]
[EventType "swiss"]
[EventRounds "9"]
[EventCountry "ESP"]
[SourceTitle "EXT 2015"]
[Source "ChessBase"]
[SourceDate "2014.11.20"]
[SourceVersion "1"]
[SourceVersionDate "2014.11.20"]
[SourceQuality "1"]

1. e4 c5 2. Nf3 Nc6 3. Bb5 g6 4. Bxc6 dxc6 5. 0-0 Bg7 6. Re1 Nf6 7. d3 Nd7 8. h3 e5 9. b4 0-0 10. bxc5 Re8 11. Be3 Qe7 12. Qd2 Nxc5 13. Bh6 f6 14. Bxg7 Kxg7 15. Nc3 Ne6 16. Ne2 Rd8 17. Qc3 c5 18. Ng3 Nd4 19. Re3 Be6 20. a3 Rac8 21. Qb2 Rd6 22. Rae1 c4 23. Nxd4 Rxd4 24. Ne2 Rd6 25. d4 Rb6 26. Qc3 exd4 27. Nxd4 Rc5 28. Rg3 Kf7 29. Nf3 Bd7 30. e5 Re6 31. exf6 Qxf6 32. Qxf6+ Kxf6 33. Rxe6+ Bxe6 34. Ng5 Rxg5 35. Rxg5 Kxg5 36. c3 Kf4 37. Kf1 Ke4 38. Ke2 h5 39. h4 Kd5 40. Ke3 Bf5 41. Kf4 Kc5 42. f3 Bd3 43. g4 hxg4 44. Kxg4 Kb5 45. Kg5 Ka4 46. f4 Kb3 47. f5 gxf5 48. h5 Kxc3 49. Kf4 Kb3 50. h6 c3 51. Ke3 c2 52. Kd2 Kb2 53. h7 c1Q+ 54. Kxd3 Qh6 0-1

[Event "Mondariz Marcote Memorial"]
[Site "Mondariz"]
[Date "2014.08.16"]
[Round "1"]
[White "Bello Filgueira, Joaquin Antonio"]
[Black "Lorenzo Duran, Marcos"]
[Result "1/2-1/2"]
[WhiteElo "1776"]
[BlackElo "2167"]
[PlyCount "146"]
[EventDate "2014.08.16"]
[EventType "swiss"]
[EventRounds "9"]
[EventCountry "ESP"]
[SourceTitle "EXT 2015"]
[Source "ChessBase"]
[SourceDate "2014.11.20"]
[SourceVersion "1"]
[SourceVersionDate "2014.11.20"]
[SourceQuality "1"]

1. e4 c6 2. d4 d5 3. Nc3 dxe4 4. Nxe4 Nd7 5. Nf3 Ngf6 6. Ng3 e6 7. Bd3 c5 8. 0-0 cxd4 9. Nxd4 Bc5 10. c3 0-0 11. Qe2 Qc7 12. b4 Bxd4 13. cxd4 Qd6 14. Bb2 Nd5 15. a3 Nf4 16. Qc2 Nxd3 17. Qxd3 Nf6 18. Ne4 Nxe4 19. Qxe4 a5 20. Qe5 Rd8 21. Qxd6 Rxd6 22. Rfc1 Bd7 23. Rc7 Bc6 24. b5 Bxb5 25. Rxb7 Ba6 26. Rc7 Rb8 27. Bc3 a4 28. f3 h6 29. Kf2 Rb3 30. h4 Rd5 31. Kg3 Kh7 32. Bb4 Kg6 33. Ra7 Bb5 34. Rc1 Rb2 35. Bc5 h5 36. Rb7 Rb3 37. Ra7 Rb2 38. Rb7 Rb3 39. Ra7 e5 40. dxe5 Rxe5 41. Bb4 Re2 42. Ra5 Be8 43. Rg5+ Kf6 44. Rxh5 Ke6 45. Rd1 f6 46. Rh8 Bb5 47. Rd6+ Ke5 48. Rhd8 Kf5 49. Rd5+ Re5 50. Rd4 Bf1 51. Rf4+ Kg6 52. Rg4+ Kf7 53. Rf8+ Ke6 54. Rxg7 Rb2 55. Re8+ Kf5 56. Rxe5+ fxe5 57. Kh2 Kf6 58. Rg3 Bc4 59. Bf8 Kf7 60. Bg7 Rb3 61. Bxe5 Rxa3 62. f4 Rxg3 63. Kxg3 Kg6 64. Kf3 Bd5+ 65. Kf2 Kh5 66. g3 Kg4 67. Bd6 Be6 68. Ke3 Bf5 69. Kd4 Kxg3 70. h5 Kg4 71. Ke5 Bc2 72. h6 Kh5 73. Bf8 Kg6 1/2-1/2

[Event "Sanxenxo Carlos op 5th"]
[Site "Sanxenxo"]
[Date "2013.06.25"]
[Round "4"]
[White "Iagar, Razvan Gabriel"]
[Black "Bello Filgueira, Joaquin Antonio"]
[Result "1-0"]
[WhiteElo "2190"]
[BlackElo "1859"]
[PlyCount "119"]
[EventDate "2013.06.22"]
[EventType "swiss"]
[EventRounds "9"]
[EventCountry "ESP"]
[SourceTitle "CBM 155 Extra"]
[Source "ChessBase"]
[SourceDate "2013.08.26"]
[SourceVersion "1"]
[SourceVersionDate "2013.08.26"]
[SourceQuality "1"]

1. d4 Nf6 2. Nf3 e6 3. c4 b6 4. g3 Bb7 5. Bg2 Be7 6. 0-0 0-0 7. Nc3 d6 8. Qc2 Nbd7 9. e4 e5 10. Rd1 Qb8 11. b3 c5 12. dxe5 Nxe5 13. Nxe5 dxe5 14. Bb2 Bc6 15. Qe2 Re8 16. Nd5 Bxd5 17. cxd5 Bd6 18. a4 a6 19. f3 Qa7 20. Kh1 Rad8 21. Bf1 Ra8 22. Qd3 h6 23. Bg2 Rad8 24. Rf1 a5 25. Rae1 Qc7 26. Re2 Nh7 27. Bc1 Nf8 28. f4 f6 29. Bh3 Re7 30. Qf3 Rde8 31. f5 Nh7 32. Bg2 Rc8 33. Rc2 Qd8 34. Qe2 Rb7 35. Rf2 Rcb8 36. Qg4 Kh8 37. Bf1 Qe7 38. h4 Rg8 39. Rh2 Rd8 40. Qf3 Rf8 41. Rcg2 Qd8 42. Bc4 Rd7 43. Be3 Be7 44. Qd1 Rd6 45. Qc1 Kg8 46. Qd1 Kh8 47. Bb5 Rg8 48. Qh5 Rf8 49. g4 Kg8 50. Rh3 Kh8 51. g5 fxg5 52. hxg5 Rg8 53. gxh6 Qf8 54. hxg7+ Rxg7 55. Bh6 Rxh6 56. Qxh6 Rf7 57. Qxf8+ Bxf8 58. Be8 Rg7 59. Bg6 Be7 60. Rgh2 1-0

[Event "ESP-ch Seniors 10th"]
[Site "Mondariz"]
[Date "2012.10.18"]
[Round "9"]
[White "Bello Filgueira, Joaquin Antonio"]
[Black "Gutierrez Leon, Cristobal"]
[Result "1/2-1/2"]
[WhiteElo "1920"]
[BlackElo "1947"]
[PlyCount "81"]
[EventDate "2012.10.10"]
[EventType "swiss"]
[EventRounds "9"]
[EventCountry "ESP"]
[SourceTitle "EXT 2013"]
[Source "ChessBase"]
[SourceDate "2012.11.22"]
[SourceVersion "1"]
[SourceVersionDate "2012.11.22"]
[SourceQuality "1"]

1. e4 g6 2. d4 Bg7 3. Nf3 d6 4. h3 c5 5. c3 cxd4 6. Nxd4 Nf6 7. Bd3 Nc6 8. Nxc6 bxc6 9. 0-0 0-0 10. Re1 Nd7 11. Na3 Rb8 12. Qc2 Qc7 13. Nc4 Nc5 14. Ne3 Nxd3 15. Qxd3 Be6 16. b3 Rfd8 17. Bb2 d5 18. exd5 cxd5 19. Qe2 d4 20. cxd4 Bxd4 21. Rad1 Qe5 22. Rxd4 Rxd4 23. Bxd4 Qxd4 24. Rd1 Qb6 25. Nc4 Qa6 26. Qe5 Rc8 27. Qc3 f6 28. Qe3 Kf7 29. Re1 Re8 30. Qh6 Kg8 31. Re4 Bxc4 32. bxc4 e5 33. Qd2 Qc6 34. Qd5+ Qxd5 35. cxd5 Rd8 36. Ra4 Rd7 37. Kf1 f5 38. Ke2 Kf8 39. Ke3 Ke7 40. Ra5 Rc7 41. Kd3 1/2-1/2

[Event "Mondariz op 9th"]
[Site "Mondariz Balneario"]
[Date "2011.08.28"]
[Round "7.24"]
[White "Bello Filgueira, Joaquin Antonio"]
[Black "Fernandez Rey, Jorge"]
[Result "1-0"]
[WhiteElo "1894"]
[BlackElo "1699"]
[PlyCount "43"]
[EventDate "2011.08.22"]
[EventType "swiss"]
[EventRounds "7"]
[EventCountry "ESP"]
[SourceTitle "EXT 2024"]
[Source "ChessBase"]
[SourceDate "2023.10.10"]
[SourceVersion "1"]
[SourceVersionDate "2023.10.10"]
[SourceQuality "1"]

1. e4 Nf6 2. e5 Nd5 3. d4 d6 4. Nf3 Bg4 5. Bc4 Nb6 6. Bxf7+ Kd7 7. h3 Bf5 8. g4 Be4 9. e6+ Kc8 10. Nc3 d5 11. Nxe4 dxe4 12. Ne5 g6 13. c3 Bg7 14. Bf4 Qd5 15. Qe2 Nc6 16. 0-0 Nxe5 17. dxe5 Bxe5 18. Rfd1 Qc5 19. Qxe4 Bxf4 20. Qxf4 Nd5 21. Qe5 c6 22. Qxh8+ 1-0

[Event "Mondariz op 9th"]
[Site "Mondariz Balneario"]
[Date "2011.08.25"]
[Round "4.19"]
[White "Andrade, Nuno Filipe"]
[Black "Bello Filgueira, Joaquin Antonio"]
[Result "1/2-1/2"]
[WhiteElo "1690"]
[BlackElo "1894"]
[PlyCount "83"]
[EventDate "2011.08.22"]
[EventType "swiss"]
[EventRounds "7"]
[EventCountry "ESP"]
[SourceTitle "EXT 2024"]
[Source "ChessBase"]
[SourceDate "2023.10.10"]
[SourceVersion "1"]
[SourceVersionDate "2023.10.10"]
[SourceQuality "1"]

1. d4 Nf6 2. Nf3 e6 3. g3 d5 4. Bg2 Be7 5. 0-0 0-0 6. Nbd2 b6 7. c4 Bb7 8. b3 c5 9. Bb2 Nbd7 10. e3 cxd4 11. Nxd4 Nc5 12. cxd5 Bxd5 13. Nc6 Bxc6 14. Bxc6 Rc8 15. Bg2 Nd3 16. Bc1 Qc7 17. Ne4 Rfd8 18. Bd2 Nxe4 19. Bxe4 Nc5 20. Bf3 Qe5 21. Rc1 Ne4 22. Rxc8 Rxc8 23. Bc1 Rd8 24. Qc2 Nf6 25. Bb2 Qa5 26. a4 Qc5 27. Qxc5 Bxc5 28. Bxf6 gxf6 29. Rd1 Re8 30. Rd7 a5 31. Bh5 Re7 32. Rxe7 Bxe7 33. Kf1 Kg7 34. Ke2 f5 35. f4 Bc5 36. Kd3 Kf6 37. Ke2 Ke7 38. Kd3 f6 39. Bd1 Kd6 40. Bc2 h6 41. Ke2 Kd5 42. Bd3 1/2-1/2

[Event "Mondariz op 9th"]
[Site "Mondariz Balneario"]
[Date "2011.08.22"]
[Round "1.22"]
[White "Bello Filgueira, Joaquin Antonio"]
[Black "Pozo Vinuesa, Ana"]
[Result "1-0"]
[WhiteElo "1894"]
[BlackElo "1401"]
[PlyCount "79"]
[EventDate "2011.08.22"]
[EventType "swiss"]
[EventRounds "7"]
[EventCountry "ESP"]
[SourceTitle "EXT 2024"]
[Source "ChessBase"]
[SourceDate "2023.10.10"]
[SourceVersion "1"]
[SourceVersionDate "2023.10.10"]
[SourceQuality "1"]

1. e4 c5 2. Nf3 Nc6 3. Bb5 g6 4. 0-0 Bg7 5. Re1 Nf6 6. c3 0-0 7. e5 Ng4 8. d4 cxd4 9. cxd4 d6 10. h3 Nh6 11. exd6 Qxd6 12. Nc3 Nf5 13. d5 Ncd4 14. Nxd4 Nxd4 15. Bg5 Bf6 16. Bxf6 Qxf6 17. Ne4 Qb6 18. Bf1 Bf5 19. b3 Rac8 20. Bc4 a6 21. a4 Rfd8 22. g4 Bxe4 23. Rxe4 e5 24. Rxe5 Nc6 25. Re3 Nb4 26. Qd2 Qc5 27. Rd1 b5 28. axb5 axb5 29. Bf1 Rxd5 30. Qe2 Rxd1 31. Qxd1 Nc2 32. Rd3 Nb4 33. Rd7 Qc3 34. Rb7 Rc5 35. Rb8+ Kg7 36. Qd8 Qxb3 37. Qd4+ Kh6 38. Qxc5 Na6 39. Qf8+ Kg5 40. Rxb5+ 1-0

[Event "Burgas op 18th"]
[Site "Ourense"]
[Date "2009.07.15"]
[Round "9"]
[White "Bello Filgueira, Joaquin Antonio"]
[Black "Cruz Guerra, Samuel"]
[Result "1-0"]
[WhiteElo "1935"]
[BlackElo "1738"]
[PlyCount "178"]
[EventDate "2009.07.07"]
[EventType "swiss"]
[EventRounds "9"]
[EventCountry "ESP"]
[SourceTitle "CBM 131 Extra"]
[Source "ChessBase"]
[SourceDate "2009.09.03"]
[SourceVersion "2"]
[SourceVersionDate "2009.09.16"]
[SourceQuality "1"]

1. e4 Nc6 2. d4 d5 3. e5 Bf5 4. c3 Qd7 5. Nd2 f6 6. f4 0-0-0 7. Bb5 Nh6 8. Ngf3 a6 9. Bxc6 Qxc6 10. 0-0 Bd3 11. Re1 f5 12. Nb3 Be4 13. Nc5 e6 14. b4 b6 15. Qa4 Qxa4 16. Nxa4 Be7 17. Ng5 Kd7 18. h3 Rdf8 19. g3 Nf7 20. Nxe4 fxe4 21. Be3 Nh6 22. g4 Rhg8 23. Rf1 Rf7 24. Kg2 Bh4 25. a3 Rgf8 26. Rac1 Ng8 27. Nb2 b5 28. a4 Ne7 29. axb5 axb5 30. Ra1 Ng6 31. f5 exf5 32. Rxf5 Rxf5 33. gxf5 Rxf5 34. Rf1 Rxf1 35. Kxf1 Ne7 36. Nd1 Nf5 37. Bf4 Ke6 38. Ke2 Ne7 39. Ne3 c6 40. Ng2 Ng6 41. Bd2 Bg3 42. Bg5 Kf5 43. Bd2 Nf8 44. Ne3+ Kg6 45. Nf1 Bh4 46. Bf4 Ne6 47. Be3 Bg5 48. Ng3 Bxe3 49. Kxe3 Kg5 50. Ne2 g6 51. Kf2 Kh4 52. Kg2 h5 53. Kh2 g5 54. Ng3 g4 55. hxg4 Kxg4 56. Kg2 h4 57. Nf1 Nf4+ 58. Kf2 h3 59. Ne3+ Kg5 60. Kg3 Ne2+ 61. Kxh3 Nxc3 62. Kg2 Ne2 63. Nc2 Nf4+ 64. Kf2 Nd3+ 65. Ke2 Kf5 66. Kd2 Nf4 67. Ke3 Ne6 68. Ne1 Kg4 69. Nc2 Ng7 70. Ke2 Kf4 71. Ne3 Kg5 72. Nc2 Kg4 73. Ne3+ Kf4 74. Ng2+ Kg3 75. Ne3 Ne6 76. Nc2 Kf4 77. Kd2 e3+ 78. Kd3 Kf3 79. Nxe3 Nf4+ 80. Kd2 Ke4 81. Nc2 Ne6 82. Ke2 Nc7 83. Kd2 Na8 84. Ke2 Nb6 85. Kd2 Nc4+ 86. Ke2 Nxe5 87. dxe5 Kxe5 88. Kd3 d4 89. Nxd4 Kd5 1-0

[Event "Burgas op 18th"]
[Site "Ourense"]
[Date "2009.07.10"]
[Round "4"]
[White "Martinez Vecillas, Javier"]
[Black "Bello Filgueira, Joaquin Antonio"]
[Result "1-0"]
[WhiteElo "1785"]
[BlackElo "1935"]
[PlyCount "85"]
[EventDate "2009.07.07"]
[EventType "swiss"]
[EventRounds "9"]
[EventCountry "ESP"]
[SourceTitle "CBM 131 Extra"]
[Source "ChessBase"]
[SourceDate "2009.09.03"]
[SourceVersion "2"]
[SourceVersionDate "2009.09.16"]
[SourceQuality "1"]

1. e4 c5 2. Nf3 e6 3. d4 cxd4 4. Nxd4 a6 5. f4 Qb6 6. Nb3 Nc6 7. Qf3 d6 8. Be3 Qc7 9. c3 Nf6 10. N1d2 Rb8 11. Bd3 b5 12. g4 e5 13. f5 h6 14. Qg2 Bb7 15. h4 Ne7 16. g5 Nxf5 17. Ba7 Ra8 18. gxf6 gxf6 19. Bf2 h5 20. Qf3 Ne7 21. Qxf6 Rh6 22. Qf3 Bc8 23. Be3 Bg4 24. Qf2 Rh7 25. Be2 Be6 26. Rg1 Ng6 27. Nf3 Be7 28. Ng5 Bc4 29. Kd2 Bxg5 30. Rxg5 Bxe2 31. Qxe2 Qb7 32. Bf2 Nf4 33. Qe3 Ke7 34. Re1 Ne6 35. Rgg1 Rhh8 36. Qb6 Qd7 37. Rd1 Rhb8 38. Qe3 a5 39. Ke1 b4 40. Nc5 Nxc5 41. Qg5+ f6 42. Qxh5 Qh3 43. Rg7+ 1-0

[Event "Burgas op 17th"]
[Site "Ourense"]
[Date "2008.07.07"]
[Round "5"]
[White "Gomez Dominguez, Breixo"]
[Black "Bello Filgueira, Joaquin Antonio"]
[Result "1-0"]
[WhiteElo "1856"]
[BlackElo "2015"]
[PlyCount "109"]
[EventDate "2008.07.03"]
[EventType "swiss"]
[EventRounds "9"]
[EventCountry "ESP"]
[SourceTitle "CBM 125 Extra"]
[Source "ChessBase"]
[SourceDate "2008.09.01"]
[SourceVersion "1"]
[SourceVersionDate "2008.09.01"]
[SourceQuality "1"]

1. e4 e6 2. Nc3 d5 3. d4 Nf6 4. Bg5 dxe4 5. Nxe4 Be7 6. Bxf6 Bxf6 7. c3 0-0 8. Bd3 e5 9. Nxf6+ Qxf6 10. Qh5 e4 11. Bxe4 Re8 12. Qxh7+ Kf8 13. 0-0-0 Qf4+ 14. Rd2 Qxe4 15. Qh8+ Ke7 16. Qxg7 Qe1+ 17. Rd1 Qxf2 18. Nf3 Qe3+ 19. Rd2 Be6 20. d5 Bxd5 21. Re1 Qxe1+ 22. Nxe1 Be6 23. Qg5+ Kf8 24. Rd4 Nd7 25. Rh4 f6 26. Rh8+ Ke7 27. Rh7+ Bf7 28. Qd5 Ne5 29. Nf3 Kf8 30. Rh8+ Kg7 31. Rxe8 Rxe8 32. Qxb7 Nd3+ 33. Kd2 Nf4 34. Qxc7 Re2+ 35. Kd1 Re4 36. Nd4 Re5 37. g3 Nd5 38. Qxa7 Ne3+ 39. Kc1 Kg6 40. b4 Nc4 41. b5 Re1+ 42. Kc2 Bd5 43. Qd7 Rf1 44. Qe8+ Kh7 45. Qh5+ Kg7 46. Kd3 Ne5+ 47. Ke3 Re1+ 48. Kd2 Ra1 49. Nf5+ Kf8 50. Qh7 Rxa2+ 51. Ke3 Nf7 52. Qg7+ Ke8 53. Qxf6 Ra7 54. Nd6+ Nxd6 55. Qxd6 1-0

[Event "Mondariz op 5th"]
[Site "Mondariz"]
[Date "2007.08.26"]
[Round "2"]
[White "Bello Filgueira, Joaquin Antonio"]
[Black "Iotov, Valentin Dimitrov"]
[Result "1/2-1/2"]
[WhiteElo "1968"]
[BlackElo "2502"]
[PlyCount "114"]
[EventDate "2007.08.25"]
[EventType "swiss"]
[EventRounds "9"]
[EventCountry "ESP"]
[SourceTitle "CBM 120 Extra"]
[Source "ChessBase"]
[SourceDate "2007.11.01"]
[SourceVersion "1"]
[SourceVersionDate "2007.11.01"]
[SourceQuality "1"]

1. e4 c5 2. Nf3 e6 3. b3 a6 4. Bb2 d6 5. g3 Nf6 6. d3 b6 7. Bg2 Bb7 8. 0-0 Be7 9. Re1 Nbd7 10. Nbd2 0-0 11. d4 cxd4 12. Nxd4 Qc7 13. c4 Rfe8 14. Rc1 Rac8 15. Qe2 Bf8 16. N4f3 Qb8 17. e5 dxe5 18. Nxe5 Bxg2 19. Kxg2 b5 20. Nxd7 Nxd7 21. Kg1 Red8 22. Ne4 h6 23. cxb5 axb5 24. Rxc8 Rxc8 25. Rc1 Rxc1+ 26. Bxc1 b4 27. Bf4 e5 28. Be3 Qa8 29. Qg4 Qxa2 30. Bxh6 Qxb3 31. Nd2 Qd5 32. Be3 Qd3 33. h4 Nf6 34. Qc4 Qxc4 35. Nxc4 e4 36. Bd4 Nd7 37. Kf1 f5 38. Ke2 Kf7 39. f3 Ke6 40. fxe4 fxe4 41. Ne3 Ne5 42. h5 Be7 43. g4 Bg5 44. Nf5 Kd5 45. Nxg7 Kxd4 46. Ne6+ Kd5 47. Nxg5 Nxg4 48. Kd2 Kd4 49. Kc2 e3 50. Nf3+ Ke4 51. Ne1 b3+ 52. Kb2 e2 53. Ng2 Nh6 54. Ne1 Nf5 55. Ng2 Nh6 56. Ne1 Ke5 57. Nd3+ Ke4 1/2-1/2

[Event "Burgas op 12th"]
[Site "Burgas"]
[Date "2003.07.06"]
[Round "2"]
[White "Bello Filgueira, Joaquin Antonio"]
[Black "Baltar Iglesias, David"]
[Result "1/2-1/2"]
[WhiteElo "1988"]
[BlackElo "2214"]
[PlyCount "48"]
[EventDate "2003.07.??"]
[EventType "swiss"]
[EventRounds "9"]
[EventCountry "ESP"]
[SourceTitle "EXT 2005"]
[Source "ChessBase"]
[SourceDate "2004.11.15"]
[SourceVersion "1"]
[SourceVersionDate "2004.11.15"]
[SourceQuality "1"]

1. e4 Nc6 2. Nf3 Nf6 3. e5 Nd5 4. d4 d6 5. c4 Nb6 6. e6 fxe6 7. Be3 e5 8. d5 e4 9. dxc6 exf3 10. Qxf3 bxc6 11. Qxc6+ Qd7 12. Qxd7+ Bxd7 13. Be2 e6 14. Nc3 Be7 15. Rd1 Bf6 16. Bd4 Bc6 17. 0-0 0-0 18. Bxf6 Rxf6 19. Nb5 Bxb5 20. cxb5 Rb8 21. b3 Kf7 22. Rc1 Rb7 23. Rfd1 Ke7 24. Bf3 d5 1/2-1/2

[Event "Galicia-chT Preferente"]
[Site "Galicia"]
[Date "2001.01.27"]
[Round "1"]
[White "Bello Filgueira, Joaquin Antonio"]
[Black "Cebrian Ramos, Jose Luis"]
[Result "1/2-1/2"]
[WhiteElo "2010"]
[BlackElo "2063"]
[PlyCount "125"]
[EventDate "2001.??.??"]
[EventType "team"]
[EventRounds "3"]
[EventCountry "ESP"]
[SourceTitle "EXT 2002"]
[Source "ChessBase"]
[SourceDate "2001.11.25"]
[SourceVersion "1"]
[SourceVersionDate "2001.11.25"]
[SourceQuality "1"]

1. e4 c5 2. Nf3 d6 3. d4 cxd4 4. Nxd4 Nf6 5. Nc3 a6 6. Bd3 e6 7. Be3 Qc7 8. Qe2 b5 9. a3 Nbd7 10. f4 Bb7 11. 0-0 Be7 12. Rae1 0-0 13. h3 d5 14. exd5 Nxd5 15. Nxd5 Bxd5 16. c3 Nf6 17. Bc1 Bd6 18. Kh1 g6 19. Qf2 Qb7 20. Re2 Ne4 21. Bxe4 Bxe4 22. Rfe1 Bd5 23. Kg1 a5 24. Bd2 b4 25. axb4 axb4 26. Nc2 Bc4 27. Re3 b3 28. Nd4 Ra2 29. Bc1 Qc7 30. g3 h5 31. h4 Rfa8 32. Rd1 Ra1 33. Ree1 Rb1 34. Kh2 Raa1 35. Qd2 e5 36. Nf3 exf4 37. Re8+ Kg7 38. Qd4+ f6 39. Qxd6 Qxd6 40. Rxd6 Rxc1 41. Rd7+ Bf7 42. Ree7 Rc2+ 43. Nd2 Rxd2+ 44. Rxd2 Kf8 45. Rc7 f3 46. Rcd7 Rf1 47. R7d4 Be6 48. c4 g5 49. c5 g4 50. c6 Rc1 51. Rd6 Ke7 52. R6d3 Rxc6 53. Rc3 Rxc3 54. bxc3 Bc4 55. Kg1 Ke6 56. Kf2 Ke5 57. Ke3 f5 58. Rd8 Be6 59. Rd4 Bd5 60. Rb4 Kd6 61. c4 Kc5 62. Rxb3 Bxc4 63. Rb2 1/2-1/2

[Event "Burgas op 10th"]
[Site "Burgas"]
[Date "2001.??.??"]
[Round "2"]
[White "Gonzalez Diaz, Diego"]
[Black "Bello Filgueira, Joaquin Antonio"]
[Result "1-0"]
[WhiteElo "2311"]
[BlackElo "2010"]
[PlyCount "81"]
[EventDate "2001.??.??"]
[EventType "swiss"]
[EventRounds "9"]
[EventCountry "ESP"]
[SourceTitle "EXT 2002"]
[Source "ChessBase"]
[SourceDate "2001.11.25"]
[SourceVersion "1"]
[SourceVersionDate "2001.11.25"]
[SourceQuality "1"]

1. e4 c5 2. Nc3 Nc6 3. Nge2 g6 4. d4 cxd4 5. Nxd4 Bg7 6. Be3 Nf6 7. Bc4 Nxd4 8. Bxd4 d6 9. Qd2 0-0 10. f3 a6 11. h4 Qc7 12. Bb3 e5 13. Be3 Be6 14. 0-0-0 Rfd8 15. g4 b5 16. Bg5 Bxb3 17. axb3 Rd7 18. Bxf6 Bxf6 19. Nd5 Qd8 20. g5 Be7 21. f4 Raa7 22. f5 Kh8 23. f6 Bf8 24. Rh3 Rab7 25. b4 Qb8 26. Rc3 Rd8 27. Qe3 Qa7 28. Qxa7 Rxa7 29. Rc6 h6 30. Rd3 a5 31. bxa5 Rxa5 32. Ra3 Rxa3 33. bxa3 hxg5 34. hxg5 Ra8 35. Kb2 Ra4 36. Rc8 Rxe4 37. Rxf8+ Kh7 38. Rxf7+ Kh8 39. Ne7 b4 40. Nxg6+ Kg8 41. Rg7# 1-0